The Avengers characters actors - Statistics

General Stats
  • This quiz has been taken 100 times
  • The average score is 8 of 15
Answer Stats
Hint Answer % Correct
Thor Chris Hemsworth
96%
Captain America/ Steve Rogers Chris Evans
94%
iron Man/ Tony Stark Robert Downey Jr
94%
Nick Fury Samuel L. jackson
87%
Hulk/ Bruce Banner Mark Ruffalo
85%
Loki Tom Hiddleston
83%
Black Widow/ Natasha Romanoff Scarlett Johansson
74%
Pepper Potts Gwyneth Paltrow
43%
Jarvis Paul Bettany
40%
Agent Maria Hill Cobie Smulders
30%
Agent Phil Coulson Clark Gregg
26%
Eric Selvig Stellan Skarsgard
17%
Georgi Luchkov Jerzy Skolimowski
4%
The other Alexis Denisof
1%
Hawkeye/ Clint Barton Jeremy Renner
0%
No matching quizzes found
Score Distribution
Percent of People with Each Score
Percentile by Number Answered
Your Score History
You have not taken this quiz